000
00313nam a2200133Ia 4500
008
190216s9999||||xx |||||||||||||| ||und||
100
_a
"Krylov. P. Lobandievsky, S. Men"
245
0
_a
Descriptive Geometry
250
_a
1st Ed.
260
_b
Null
_c
1968
300
_a
384
650
_a
Mathematics
942
_c
BK
999
_c
30613
_d
30613